Vista normal Vista MARC

Entrada Materia (personas)

Número de registros utilizados en: 1

001 - CONTROL NUMBER

  • control field: 76978

003 - CONTROL NUMBER IDENTIFIER

  • control field: Co-BoUCM

005 - DATE AND TIME OF LATEST TRANSACTION

  • control field: 20160503105221.0

008 - FIXED-LENGTH DATA ELEMENTS

  • fixed length control field: 160503|| aca||aabn | a|a d

040 ## - CATALOGING SOURCE

  • Original cataloging agency: Co-BoUCM
  • Transcribing agency: Co-BoUCM

100 ## - HEADING--PERSONAL NAME

  • Personal name: Carrillo Sáenz, Amparo

670 ## - SOURCE DATA FOUND

  • Source citation: Work cat.: (Co-BoUCM)303261: Montoya Duque, Gloria Inés 76976, Acciones colectivas y conflicto en buenaventura 2008 - 2012, 2015